000 00389cam a22001217a 4500
008 180718b1976 xxu||||| |||| 00| 0 eng d
082 _aA81x54 In2/71/17/Pt 3
100 _aCensus of India 1971
245 _aPunjab: establishment report and tables
260 _aDelhi
_bThe Controller of Publications
_c1976
300 _a560+p.
440 _aCensus of India 1971. Series-17, Punjab. Part III
999 _c485394
_d485394